BLEACH 黒棺の詠唱穴埋めクイズ - Statistics

General Stats
  • This quiz has been taken 3 times
  • The average score is 20 of 29
Answer Stats
詠唱 % Correct
破道の
100%
九十:
100%
黒棺
100%
滲み出す
67%
混濁の
67%
紋章
67%
不遜なる
67%
狂気の
67%
67%
痺れ・
67%
瞬き・
67%
眠りを
67%
妨げる
67%
爬行する
67%
鉄の
67%
王女
67%
絶えず
67%
自壊する
67%
泥の
67%
人形
67%
結合せよ
67%
反発せよ
67%
地に
67%
満ち
67%
己の
67%
無力を
67%
知れ
67%
湧き上がり・
33%
否定し・
33%
No matching quizzes found
Score Distribution
Percent of People with Each Score
Percentile by Number Answered
Your Score History
You have not taken this quiz